| 000 | 01232nam a22003014a 4500 | ||
|---|---|---|---|
| 001 | ebr10069588 | ||
| 003 | CaPaEBR | ||
| 006 | m u | ||
| 007 | cr cn||||||||| | ||
| 008 | 030128s2003 coua sb s001 0 eng | ||
| 010 | _z 2003001884 | ||
| 020 | _z0870817221 | ||
| 040 |
_aCaPaEBR _cCaPaEBR |
||
| 035 | _a(OCoLC)614718907 | ||
| 050 | 1 | 4 |
_aQ295 _b.H354 2003eb |
| 082 | 0 | 4 |
_a003 _221 |
| 100 | 1 |
_aHammond, Debora, _d1951- |
|
| 245 | 1 | 4 |
_aThe science of synthesis _h[electronic resource] : _bexploring the social implications of general systems theory / _cDebora Hammond. |
| 260 |
_aBoulder : _bUniversity Press of Colorado, _cc2003. |
||
| 300 |
_axviii, 312 p. : _bill. |
||
| 504 | _aIncludes bibliographical references (p. 279-295) and index. | ||
| 533 |
_aElectronic reproduction. _bPalo Alto, Calif. : _cebrary, _d2013. _nAvailable via World Wide Web. _nAccess may be limited to ebrary affiliated libraries. |
||
| 610 | 2 | 0 | _aInternational Society for the Systems Sciences. |
| 650 | 0 |
_aSystem theory _xHistory. |
|
| 655 | 7 |
_aElectronic books. _2local |
|
| 710 | 2 | _aebrary, Inc. | |
| 856 | 4 | 0 |
_uhttp://site.ebrary.com/lib/rucke/Doc?id=10069588 _zAn electronic book accessible through the World Wide Web; click to view |
| 999 |
_c42075 _d42075 |
||